01242cam a2200241 a 4500020004300000020004000043020004700083020004400130041000800174082001300182100002000195245004500215250002000260260006600280300001900346505047800365650001200843650001200855700001800867942000700885952009100892999001700983 a9780226458113 (cloth : alkaline paper) a0226458113 (cloth : alkaline paper) a9780226458120 (paperback : alkaline paper) a0226458121 (paperback : alkaline paper) aENG00a501bKUH1 aKuhn, Thomas S.14aThe structure of scientific revolutions  aFourth edition. aChicago ;aLondon :bThe University of Chicago Press,cc2012. axlvi, 217 p. ;0 aA role for history -- The route to normal science -- The nature of normal science -- Normal science as puzzle-solving -- The priority of paradigms -- Anomaly and the emergence of scientific discoveries -- Crisis and the emergence of scientific theories -- The response to crisis -- The nature and necessity of scientific revolutions -- Revolutions as changes of world view -- The invisibility of revolutions -- The resolution of revolutions -- Progress through revolutions. 0aScience 0aScience1 aHacking, Ian. cBK 00104070aHMIbHMIcGENd2018-10-24l0o501 KUHp11-3731r2018-10-24w2018-10-24yBK c22370d22370